Sitzungsberichte der Naturforschenden Gesellschaft zu Leipzig.

Saved in:
Bibliographic Details
Corporate Author: Naturforschende gesellschaft zu Leipzig.
Format: Serial
Language:German
Published: Leipzig : Wilhelm Engelmann,
Subjects:
Tags: Add Tag
No Tags, Be the first to tag this record!
LEADER 00764cas a2200241Ia 4500
001 003514357-6
005 20020606093309.7
008 751101u18749999gw x 0 b0ger
010 |a  19016870  
035 0 |a ocm01771666 
040 |a DLC  |c MUL  |d OCL  |d NYG  |d HMZ 
050 |a QH5  |b .N42 
110 2 |a Naturforschende gesellschaft zu Leipzig. 
245 1 0 |a Sitzungsberichte der Naturforschenden Gesellschaft zu Leipzig. 
260 |a Leipzig :  |b Wilhelm Engelmann, 
300 |a v. :  |b ill. ;  |c 23 cm. 
362 0 |a 1. Jahrg.- 
500 |a Description based on: 22./23. (1895/1896) 
515 |a 1892-1894, 1899-1900, 1901-1902, 1903-1904 issued combined. 
650 0 |a Natural history  |v Periodicals. 
650 0 |a Science  |v Periodicals. 
988 |a 20020608 
906 |0 DLC